000 00431nam a2200181Ia 4500
005 20250603145731.0
008 250603s9999 xx 000 0 und d
020 _a9789351381259
050 _aHM 24 .A27/
100 _aAbraham, Francis
245 0 _aSociological thought from comte to sorokin
260 _aNew Delhi
260 _bTrinity Press
260 _c1985
300 _a263 p
650 _aNew Delhi
942 _cBK
999 _c42697
_d42697